5HLuxD.jpg

KING HENRY VIII SENIOR AND PRIMARY SCHOOL LIBRARY OPAC

Tales of Sasha : (Record no. 3475)

000 -LEADER
fixed length control field 01128nam a22002537a 4500
005 - DATE AND TIME OF LATEST TRANSACTION
control field 20240129085613.0
008 - FIXED-LENGTH DATA ELEMENTS--GENERAL INFORMATION
fixed length control field 240129b ||||| |||| 00| 0 eng d
020 ## - INTERNATIONAL STANDARD BOOK NUMBER
International Standard Book Number 9781499809978
040 ## - CATALOGING SOURCE
Transcribing agency KH8
082 ## - DEWEY DECIMAL CLASSIFICATION NUMBER
Classification number FIC PEA
100 ## - MAIN ENTRY--PERSONAL NAME
Personal name Pearl, Alexa,
Dates associated with a name 1967-
Relator term Author
245 ## - TITLE STATEMENT
Title Tales of Sasha :
Remainder of title 4 books in 1!/
Statement of responsibility, etc. Alexa Pearl
260 ## - PUBLICATION, DISTRIBUTION, ETC.
Place of publication, distribution, etc. [New York],
Name of publisher, distributor, etc. Little Bee Books Inc,
Date of publication, distribution, etc. 2019
300 ## - PHYSICAL DESCRIPTION
Extent 4 volumes (416 pages) :
Other physical details illustrations ;
Dimensions 18 cm
440 ## - SERIES STATEMENT/ADDED ENTRY--TITLE
Title Tales of Sasha,
Volume/sequential designation 1-4
505 ## - FORMATTED CONTENTS NOTE
Miscellaneous information The Big Secret<br/>Journey Beyond the Trees<br/>A New Friend<br/>Princess Lessons
520 ## - SUMMARY, ETC.
Summary, etc. The first four Tales of Sasha books are included in this magical collection! Read about one very special horse named Sasha who discovers that she can fly! With the help of her better-than-best friend Wyatt, Sasha sets out to find other flying horses like her. Join their adventure as they explore new places and make new friends!
521 ## - TARGET AUDIENCE NOTE
Target audience note <br/>Age 7-8 Grade 2-3
650 ## - SUBJECT ADDED ENTRY--TOPICAL TERM
Topical term or geographic name entry element Animals
Form subdivision Mythical
650 ## - SUBJECT ADDED ENTRY--TOPICAL TERM
Topical term or geographic name entry element Animals
Form subdivision Mythical Juvenile fiction
650 ## - SUBJECT ADDED ENTRY--TOPICAL TERM
Topical term or geographic name entry element Fiction
700 ## - ADDED ENTRY--PERSONAL NAME
Personal name Paco Sordo
Relator term Illustrator
942 ## - ADDED ENTRY ELEMENTS (KOHA)
Source of classification or shelving scheme
Koha item type Books - Fiction
Holdings
Withdrawn status Lost status Source of classification or shelving scheme Damaged status Not for loan Collection code Permanent Location Current Location Shelving location Date acquired Total Checkouts Full call number Barcode Date last seen Date last checked out Price effective from Koha item type
          Fiction KH8 Primary School Library KH8 Primary School Library Fiction 2024-01-29 5 FIC PEA KHPL000004420 2025-11-12 2024-06-20 2024-01-29 Books - Fiction

Powered By KH8 IT Dept